Saltar al contenido
Inicio
Centros participantes
Catálogo
Servicios
Contacto
登錄
English
Deutsch
Español
Français
Italiano
日本語
Nederlands
Português
Português (Brasil)
中文(简体)
中文(繁體)
Türkçe
עברית
Gaeilge
Cymraeg
Ελληνικά
Català
Euskara
Русский
Čeština
Suomi
Svenska
polski
Dansk
slovenščina
اللغة العربية
বাংলা
Galego
Tiếng Việt
Hrvatski
हिंदी
Հայերէն
Українська
Sámegiella
語言
全文檢索
題名
作者
主題
索引號
ISBN/ISSN
標簽
檢索
高級檢索
Seminario de educación en pobl...
引用
推薦此
打印
導出紀錄
導出到 RefWorks
導出到 EndNoteWeb
導出到 EndNote
加到收藏夾
Enlace Permanente
Agregar primera valuación
Seminario de educación en población. Síntesis de la reunión y documentos de las presentaciones
Guardado en:
書目詳細資料
企業作者:
Naciones Unidas
格式:
Texto
出版:
Santiago:
ONU
標簽:
添加標簽
沒有標簽, 成為第一個標記此記錄!
持有資料
實物特徵
您的評論
相似書籍
職員瀏覽
MARC
LEADER
00000 a a2200000 04500
001
25199
003
040
090
|a
182400
110
|a
Naciones Unidas
245
|a
Seminario de educación en población. Síntesis de la reunión y documentos de las presentaciones
260
|a
Santiago:
|b
ONU
300
|a
182 p
999
|c
11769
|d
11769
相似書籍
La crisis teorica de las ciencias sociales en el norte y en América Latina: un estudio comparado
由: Gomáriz Moraga, Enrique
Proyecto de migración hemisférica. Informe sobre la situación de los refugiados y migrantes centroamericanos /
由: Torres Rivas, Edelberto
Producción de mercancias y tecnología. Posibilidades del Socialismo
由: Papic, Zarko
Economía y socialismo en América Latina
由: Vuskovic Céspedes, Pedro
En realidad que se exige hoy?
由: Mitropopoulus, Alexis